[Event "WCO2014"]
[Site "Tromso"]
[Date "2014.08.12"]
[Round "10.41"]
[WhiteID "7101244"]
[White "Citra Dewi Ardhiani Anastasia"]
[BlackID "13500015"]
[Black "Kaliadzich Maryia"]
[Result "0-1"]
[LiveChessVersion "1.4.3"]
[BlackElo "2020"]
[WhiteElo "2128"]

1. e4 {[%clk 1:30:59]} c5 {[%clk 1:30:51]} 2. Nf3 {[%clk 1:31:17]} Nc6
{[%clk 1:31:15]} 3. Bb5 {[%clk 1:31:35]} g6 {[%clk 1:31:38]} 4. Bxc6
{[%clk 1:31:55]} dxc6 {[%clk 1:32:02]} 5. d3 {[%clk 1:32:17]} Bg7
{[%clk 1:31:52]} 6. h3 {[%clk 1:32:38]} Nf6 {[%clk 1:32:07]} 7. Nc3
{[%clk 1:32:53]} Nd7 {[%clk 1:31:54]} 8. Be3 {[%clk 1:32:57]} e5 {[%clk 1:32:07]}
9. Qd2 {[%clk 1:32:08]} Qe7 {[%clk 1:31:28]} 10. Bh6 {[%clk 1:22:40]} f6
{[%clk 1:29:23]} 11. Bxg7 {[%clk 1:21:21]} Qxg7 {[%clk 1:29:46]} 12. Nh2
{[%clk 1:14:13]} Nf8 {[%clk 1:09:55]} 13. f4 {[%clk 1:12:51]} exf4
{[%clk 1:07:40]} 14. Qxf4 {[%clk 1:13:01]} Ne6 {[%clk 1:07:51]} 15. Qd6
{[%clk 1:03:16]} Qd7 {[%clk 1:03:37]} 16. Qxd7+ {[%clk 0:58:51]} Bxd7
{[%clk 1:04:00]} 17. Rf1 {[%clk 0:58:10]} Nd4 {[%clk 0:50:16]} 18. Kd2
{[%clk 0:56:03]} O-O {[%clk 0:48:54]} 19. Rf2 {[%clk 0:51:34]} Kg7
{[%clk 0:45:25]} 20. Raf1 {[%clk 0:47:40]} Be6 {[%clk 0:40:57]} 21. Nd1
{[%clk 0:38:17]} a5 {[%clk 0:29:18]} 22. c3 {[%clk 0:30:15]} Nb5 {[%clk 0:29:16]}
23. Ne3 {[%clk 0:29:54]} Nd6 {[%clk 0:20:35]} 24. Nhg4 {[%clk 0:22:02]} Rad8
{[%clk 0:20:22]} 25. Kc1 {[%clk 0:21:15]} Ne8 {[%clk 0:17:30]} 26. Rd2
{[%clk 0:18:32]} a4 {[%clk 0:10:08]} 27. Kb1 {[%clk 0:16:56]} Rf7
{[%clk 0:09:17]} 28. Nf2 {[%clk 0:15:50]} Rfd7 {[%clk 0:08:54]} 29. g4
{[%clk 0:14:55]} Nd6 {[%clk 0:08:18]} 30. Ng2 {[%clk 0:11:48]} Nc4
{[%clk 0:07:43]} 31. Re2 {[%clk 0:04:28]} Ne5 {[%clk 0:07:47]} 32. Ne1
{[%clk 0:04:40]} b5 {[%clk 0:05:22]} 33. Re3 {[%clk 0:03:51]} Rd6
{[%clk 0:05:10]} 34. Rg1 {[%clk 0:04:09]} g5 {[%clk 0:03:21]} 35. Rgg3
{[%clk 0:04:10]} Ng6 {[%clk 0:02:05]} 36. Nc2 {[%clk 0:01:52]} Ne5
{[%clk 0:00:57]} 37. Ne1 {[%clk 0:02:04]} Bc8 {[%clk 0:00:55]} 38. b3
{[%clk 0:01:37]} Ba6 {[%clk 0:01:02]} 39. Kc2 {[%clk 0:01:34]} axb3+
{[%clk 0:00:58]} 40. axb3 {[%clk 0:02:02]} b4 {[%clk 0:01:00]} 41. c4
{[%clk 0:00:53]} Ra8 {[%clk 0:00:35]} 42. Nd1 {[%clk 0:28:52]} Bc8
{[%clk 0:28:00]} 43. Nb2 {[%clk 0:27:11]} Ra2 {[%clk 0:24:19]} 44. Rg2
{[%clk 0:21:20]} Rd7 {[%clk 0:20:10]} 45. Kb1 {[%clk 0:16:06]} Ra3
{[%clk 0:17:59]} 46. Kc2 {[%clk 0:16:13]} Ra2 {[%clk 0:17:28]} 47. Rd2
{[%clk 0:14:21]} Ng6 {[%clk 0:05:48]} 48. Ng2 {[%clk 0:12:07]} Rda7
{[%clk 0:05:03]} 49. Rd1 {[%clk 0:10:37]} Be6 {[%clk 0:05:03]} 50. Rf1
{[%clk 0:09:50]} Ne5 {[%clk 0:05:07]} 51. Rd1 {[%clk 0:07:37]} R7a3
{[%clk 0:05:10]} 52. Kb1 {[%clk 0:06:00]} Ra1+ {[%clk 0:05:29]} 53. Kc2
{[%clk 0:06:23]} R1a2 {[%clk 0:05:57]} 54. Kb1 {[%clk 0:06:44]} Kg6
{[%clk 0:05:19]} 55. Ne1 {[%clk 0:05:45]} Ra1+ {[%clk 0:04:52]} 56. Kc2
{[%clk 0:06:10]} Rxd1 {[%clk 0:04:25]} 57. Nxd1 {[%clk 0:06:35]} h5
{[%clk 0:04:17]} 58. gxh5+ {[%clk 0:06:35]} Kxh5 {[%clk 0:04:41]} 59. Kb2
{[%clk 0:05:40]} Ra8 {[%clk 0:04:41]} 60. Nc2 {[%clk 0:03:56]} Rd8
{[%clk 0:04:48]} 61. Nf2 {[%clk 0:04:15]} Ng6 {[%clk 0:04:21]} 62. Kc1
{[%clk 0:04:00]} Nf4 {[%clk 0:04:14]} 63. Kd2 {[%clk 0:03:27]} Kh4
{[%clk 0:04:04]} 64. Rf3 {[%clk 0:03:47]} Rd6 {[%clk 0:03:39]} 65. Ne3
{[%clk 0:03:25]} Bc8 {[%clk 0:02:27]} 66. Nf5+ {[%clk 0:03:02]} Bxf5
{[%clk 0:02:53]} 67. exf5 {[%clk 0:03:30]} Rd8 {[%clk 0:02:08]} 68. Re3
{[%clk 0:03:38]} Ra8 {[%clk 0:02:16]} 69. Re7 {[%clk 0:03:10]} Ra2+
{[%clk 0:02:23]} 70. Ke3 {[%clk 0:03:30]} Re2+ {[%clk 0:02:43]} 71. Kf3
{[%clk 0:03:21]} Rxe7 {[%clk 0:03:03]} 0-1

[Event "WCO2014"]
[Site "Tromso"]
[Date "2014.08.12"]
[Round "10.17"]
[WhiteID "908550"]
[White "Bojkovic Natasa"]
[BlackID "4200446"]
[Black "Botsari Anna-Maria"]
[Result "1/2-1/2"]
[LiveChessVersion "1.4.3"]
[BlackElo "2299"]
[WhiteElo "2425"]

1. e4 {[%clk 1:30:55]} c5 {[%clk 1:30:54]} 2. Nc3 {[%clk 1:31:10]} Nc6
{[%clk 1:31:20]} 3. Bb5 {[%clk 1:31:27]} Nd4 {[%clk 1:31:46]} 4. Bc4
{[%clk 1:31:52]} e6 {[%clk 1:31:57]} 5. Nf3 {[%clk 1:31:40]} Ne7 {[%clk 1:29:39]}
6. Nxd4 {[%clk 1:26:45]} cxd4 {[%clk 1:30:03]} 7. Ne2 {[%clk 1:22:31]} Nc6
{[%clk 1:30:27]} 8. O-O {[%clk 1:21:15]} Bc5 {[%clk 1:26:27]} 9. d3
{[%clk 1:09:32]} O-O {[%clk 1:26:37]} 10. Bb3 {[%clk 1:04:54]} a5
{[%clk 0:58:53]} 11. a3 {[%clk 1:01:34]} a4 {[%clk 0:59:07]} 12. Ba2
{[%clk 1:01:41]} Ne7 {[%clk 0:47:42]} 13. Bd2 {[%clk 0:43:45]} d5
{[%clk 0:42:51]} 14. c3 {[%clk 0:40:58]} dxe4 {[%clk 0:40:53]} 15. cxd4
{[%clk 0:38:17]} exd3 {[%clk 0:39:30]} 16. dxc5 {[%clk 0:38:34]} dxe2
{[%clk 0:39:55]} 17. Qxe2 {[%clk 0:39:02]} b6 {[%clk 0:36:35]} 18. Bc3
{[%clk 0:36:53]} Ng6 {[%clk 0:26:48]} 19. Rfd1 {[%clk 0:32:57]} Qc7
{[%clk 0:26:26]} 20. cxb6 {[%clk 0:30:46]} Qxb6 {[%clk 0:26:52]} 21. Bb4
{[%clk 0:29:39]} Ba6 {[%clk 0:25:46]} 22. Qg4 {[%clk 0:23:36]} Rfd8
{[%clk 0:24:58]} 23. Bc3 {[%clk 0:21:23]} Qb5 {[%clk 0:22:58]} 24. h4
{[%clk 0:17:21]} h5 {[%clk 0:21:00]} 25. Qg3 {[%clk 0:15:04]} Qf5
{[%clk 0:17:48]} 26. Qg5 {[%clk 0:09:14]} Qxg5 {[%clk 0:17:57]} 27. hxg5
{[%clk 0:09:43]} Nf4 {[%clk 0:17:27]} 28. Ba5 {[%clk 0:05:49]} Rxd1+
{[%clk 0:15:49]} 29. Rxd1 {[%clk 0:06:18]} Bb7 {[%clk 0:09:01]} 30. Bc3
{[%clk 0:02:03]} Ne2+ {[%clk 0:07:39]} 31. Kh2 {[%clk 0:01:35]} Nxc3
{[%clk 0:07:32]} 32. bxc3 {[%clk 0:02:04]} Rc8 {[%clk 0:04:52]} 33. g6
{[%clk 0:02:02]} Be4 {[%clk 0:03:59]} 34. gxf7+ {[%clk 0:02:00]} Kxf7
{[%clk 0:04:26]} 35. Rd4 {[%clk 0:01:08]} Bc2 {[%clk 0:04:38]} 36. Rc4
{[%clk 0:00:42]} 1/2-1/2

[Event "WCO2014"]
[Site "Tromso"]
[Date "2014.08.12"]
[Round "10.19"]
[WhiteID "936286"]
[White "Rakic Marija"]
[BlackID "4213262"]
[Black "Pavlidou Ekaterini"]
[Result "1-0"]
[LiveChessVersion "1.4.3"]
[BlackElo "2170"]
[WhiteElo "2323"]

1. d4 {[%clk 1:30:57]} Nf6 {[%clk 1:30:37]} 2. c4 {[%clk 1:31:23]} e6
{[%clk 1:30:54]} 3. Nc3 {[%clk 1:31:48]} Bb4 {[%clk 1:31:06]} 4. g3
{[%clk 1:32:15]} O-O {[%clk 1:31:00]} 5. Bg2 {[%clk 1:32:42]} Bxc3+
{[%clk 1:30:50]} 6. bxc3 {[%clk 1:33:07]} d6 {[%clk 1:31:04]} 7. Rb1
{[%clk 1:24:50]} Nbd7 {[%clk 1:29:15]} 8. Nf3 {[%clk 1:11:23]} Re8
{[%clk 1:27:04]} 9. Nd2 {[%clk 1:08:05]} Rb8 {[%clk 1:27:15]} 10. O-O
{[%clk 1:08:05]} b6 {[%clk 1:26:39]} 11. Re1 {[%clk 0:37:14]} Qe7
{[%clk 1:20:04]} 12. e4 {[%clk 0:31:21]} e5 {[%clk 1:19:22]} 13. Nf1
{[%clk 0:31:47]} Bb7 {[%clk 1:03:35]} 14. f3 {[%clk 0:31:18]} c5 {[%clk 0:53:57]}
15. Ne3 {[%clk 0:31:10]} g6 {[%clk 0:53:04]} 16. Nd5 {[%clk 0:29:58]} Nxd5
{[%clk 0:53:24]} 17. cxd5 {[%clk 0:30:24]} f6 {[%clk 0:44:45]} 18. f4
{[%clk 0:20:29]} Rbc8 {[%clk 0:29:40]} 19. dxe5 {[%clk 0:19:36]} dxe5
{[%clk 0:27:01]} 20. c4 {[%clk 0:20:01]} Qd6 {[%clk 0:23:42]} 21. Qc2
{[%clk 0:14:19]} Rc7 {[%clk 0:23:36]} 22. Rf1 {[%clk 0:14:12]} Bc8
{[%clk 0:19:02]} 23. Bb2 {[%clk 0:14:01]} b5 {[%clk 0:12:20]} 24. cxb5
{[%clk 0:14:20]} c4 {[%clk 0:11:02]} 25. Bc3 {[%clk 0:14:33]} Qb6+
{[%clk 0:09:42]} 26. Kh1 {[%clk 0:13:40]} Nc5 {[%clk 0:10:00]} 27. a4
{[%clk 0:11:41]} Nd3 {[%clk 0:09:50]} 28. Qd2 {[%clk 0:08:27]} Qc5
{[%clk 0:07:58]} 29. Bb4 {[%clk 0:06:55]} Nxb4 {[%clk 0:03:40]} 30. Qxb4
{[%clk 0:07:21]} c3 {[%clk 0:03:11]} 31. Qb3 {[%clk 0:03:59]} Bd7
{[%clk 0:02:29]} 32. Rbc1 {[%clk 0:03:44]} Qc4 {[%clk 0:02:33]} 33. Qc2
{[%clk 0:03:17]} a6 {[%clk 0:01:57]} 34. fxe5 {[%clk 0:03:15]} fxe5
{[%clk 0:00:37]} 35. Qf2 {[%clk 0:00:55]} Bg4 {[%clk 0:01:02]} 36. b6
{[%clk 0:01:15]} Rb7 {[%clk 0:01:25]} 37. a5 {[%clk 0:01:40]} Be2
{[%clk 0:01:32]} 38. Rfe1 {[%clk 0:01:56]} Bd3 {[%clk 0:01:56]} 39. Qf6
{[%clk 0:02:12]} Ree7 {[%clk 0:00:41]} 40. Qc6 {[%clk 0:02:31]} Qd4
{[%clk 0:00:38]} 41. Qxc3 {[%clk 0:02:50]} Bb5 {[%clk 0:27:25]} 42. Qxd4
{[%clk 0:33:46]} exd4 {[%clk 0:27:48]} 43. d6 {[%clk 0:33:52]} Re5
{[%clk 0:27:15]} 44. Rc7 {[%clk 0:33:59]} Rb8 {[%clk 0:27:06]} 45. d7
{[%clk 0:34:13]} Bxd7 {[%clk 0:27:16]} 46. Rxd7 {[%clk 0:34:38]} Rxa5
{[%clk 0:27:41]} 47. e5 {[%clk 0:34:44]} 1-0

[Event "WCO2014"]
[Site "Tromso"]
[Date "2014.08.12"]
[Round "10.20"]
[WhiteID "4207050"]
[White "Markantonaki Haritomeni"]
[BlackID "913553"]
[Black "Velikic Adela"]
[Result "0-1"]
[LiveChessVersion "1.4.3"]
[BlackElo "2145"]
[WhiteElo "2180"]

1. e4 {[%clk 1:30:57]} c5 {[%clk 1:30:56]} 2. Nf3 {[%clk 1:31:22]} d6
{[%clk 1:31:21]} 3. d4 {[%clk 1:31:47]} cxd4 {[%clk 1:31:47]} 4. Nxd4
{[%clk 1:32:12]} Nf6 {[%clk 1:32:11]} 5. Nc3 {[%clk 1:32:37]} Nc6
{[%clk 1:32:36]} 6. Be2 {[%clk 1:32:38]} g6 {[%clk 1:32:57]} 7. Nb3
{[%clk 1:32:23]} Bg7 {[%clk 1:33:09]} 8. Be3 {[%clk 1:32:31]} O-O
{[%clk 1:33:07]} 9. O-O {[%clk 1:32:58]} a6 {[%clk 1:27:35]} 10. f3
{[%clk 1:32:05]} b5 {[%clk 1:23:45]} 11. a4 {[%clk 1:31:45]} b4 {[%clk 1:23:58]}
12. Nd5 {[%clk 1:32:09]} Nxd5 {[%clk 1:21:52]} 13. exd5 {[%clk 1:32:36]} Na5
{[%clk 1:20:08]} 14. Bd4 {[%clk 1:26:21]} Nxb3 {[%clk 1:16:04]} 15. cxb3
{[%clk 1:26:35]} a5 {[%clk 1:03:55]} 16. Re1 {[%clk 1:22:55]} Qc7
{[%clk 0:51:13]} 17. Bc4 {[%clk 1:13:18]} Bxd4+ {[%clk 0:46:36]} 18. Qxd4
{[%clk 1:13:45]} Qa7 {[%clk 0:46:09]} 19. Rad1 {[%clk 1:11:49]} Rd8
{[%clk 0:44:09]} 20. Re2 {[%clk 1:04:37]} Kf8 {[%clk 0:38:38]} 21. Kf2
{[%clk 1:02:14]} Rd7 {[%clk 0:31:09]} 22. Ke3 {[%clk 0:54:22]} Rc7
{[%clk 0:29:28]} 23. Qxa7 {[%clk 0:52:26]} Raxa7 {[%clk 0:29:31]} 24. Kd4
{[%clk 0:52:51]} Rc5 {[%clk 0:23:19]} 25. g4 {[%clk 0:49:39]} Rac7
{[%clk 0:17:19]} 26. Rde1 {[%clk 0:45:55]} Ra7 {[%clk 0:13:51]} 27. h3
{[%clk 0:43:41]} Rcc7 {[%clk 0:13:30]} 28. f4 {[%clk 0:39:06]} Ba6
{[%clk 0:10:29]} 29. Bxa6 {[%clk 0:31:20]} Rxa6 {[%clk 0:10:54]} 30. f5
{[%clk 0:31:47]} Raa7 {[%clk 0:06:25]} 31. fxg6 {[%clk 0:29:21]} hxg6
{[%clk 0:06:48]} 32. g5 {[%clk 0:24:40]} Kg7 {[%clk 0:05:19]} 33. Rf1
{[%clk 0:24:19]} Ra8 {[%clk 0:03:33]} 34. h4 {[%clk 0:21:55]} Rh8
{[%clk 0:02:34]} 35. Rf4 {[%clk 0:21:59]} Re8 {[%clk 0:02:23]} 36. Kd3
{[%clk 0:19:04]} Rc5 {[%clk 0:01:27]} 37. Rd4 {[%clk 0:19:29]} Kf8
{[%clk 0:01:37]} 38. Ke4 {[%clk 0:14:51]} e6 {[%clk 0:01:22]} 39. Rf2
{[%clk 0:10:58]} exd5+ {[%clk 0:01:26]} 40. Kd3 {[%clk 0:11:20]} Re7
{[%clk 0:00:36]} 41. h5 {[%clk 0:09:05]} gxh5 {[%clk 0:29:20]} 42. Rh2
{[%clk 0:40:18]} Re1 {[%clk 0:24:56]} 43. Rxh5 {[%clk 0:37:43]} Rb1
{[%clk 0:23:43]} 44. Rh2 {[%clk 0:37:04]} Rg1 {[%clk 0:23:29]} 45. Rh6
{[%clk 0:35:42]} Rxg5 {[%clk 0:22:40]} 46. Rxd6 {[%clk 0:36:02]} Ke7
{[%clk 0:22:49]} 47. Ra6 {[%clk 0:34:35]} Rg3+ {[%clk 0:23:09]} 48. Ke2
{[%clk 0:34:01]} Rxb3 {[%clk 0:23:19]} 49. Rd2 {[%clk 0:34:08]} Rh3
{[%clk 0:23:25]} 50. Rb6 {[%clk 0:33:44]} f5 {[%clk 0:22:50]} 51. Kd1
{[%clk 0:33:22]} Rh1+ {[%clk 0:05:00]} 52. Ke2 {[%clk 0:33:51]} Kd7
{[%clk 0:03:29]} 53. Rf6 {[%clk 0:32:54]} Rh2+ {[%clk 0:02:22]} 54. Ke3
{[%clk 0:31:08]} Rxd2 {[%clk 0:02:21]} 55. Kxd2 {[%clk 0:31:37]} d4
{[%clk 0:01:47]} 56. Kd3 {[%clk 0:31:52]} Ke7 {[%clk 0:01:59]} 57. Ra6
{[%clk 0:26:53]} Rd5 {[%clk 0:02:18]} 58. Rh6 {[%clk 0:26:39]} Rd6
{[%clk 0:01:35]} 59. Rh8 {[%clk 0:25:06]} Ke6 {[%clk 0:01:43]} 60. Re8+
{[%clk 0:24:31]} Kf6 {[%clk 0:01:50]} 61. Ra8 {[%clk 0:23:02]} Rd5
{[%clk 0:02:08]} 62. Re8 {[%clk 0:21:26]} Kg5 {[%clk 0:01:25]} 63. Rb8
{[%clk 0:20:56]} Kf4 {[%clk 0:01:04]} 64. Rb7 {[%clk 0:20:49]} Ke5
{[%clk 0:00:59]} 65. Re7+ {[%clk 0:19:59]} Kd6 {[%clk 0:01:16]} 66. Rf7
{[%clk 0:20:09]} Ke6 {[%clk 0:00:49]} 67. Rf8 {[%clk 0:20:22]} Rd7
{[%clk 0:00:46]} 68. Rh8 {[%clk 0:16:44]} f4 {[%clk 0:00:43]} 69. Rh6+
{[%clk 0:12:05]} Kf5 {[%clk 0:00:59]} 70. Rh5+ {[%clk 0:11:30]} Kg4
{[%clk 0:01:24]} 71. Rxa5 {[%clk 0:11:57]} f3 {[%clk 0:01:42]} 72. Ra8
{[%clk 0:12:15]} Rf7 {[%clk 0:00:48]} 73. Rg8+ {[%clk 0:12:27]} Kf4
{[%clk 0:00:39]} 74. Rg1 {[%clk 0:12:37]} f2 {[%clk 0:00:59]} 75. Rf1
{[%clk 0:09:00]} Kf3 {[%clk 0:01:17]} 76. Kxd4 {[%clk 0:08:15]} Rc7
{[%clk 0:00:47]} 77. a5 {[%clk 0:06:35]} Ke2 {[%clk 0:00:58]} 78. Ra1
{[%clk 0:07:00]} f1=Q {[%clk 0:01:20]} 79. Rxf1 {[%clk 0:07:25]} Kxf1
{[%clk 0:01:46]} 80. a6 {[%clk 0:07:06]} Ke2 {[%clk 0:01:58]} 81. Kd5
{[%clk 0:07:32]} Kd3 {[%clk 0:02:00]} 82. Kd6 {[%clk 0:07:35]} Ra7
{[%clk 0:02:21]} 83. Kc5 {[%clk 0:07:58]} Rxa6 {[%clk 0:02:26]} 84. Kxb4
{[%clk 0:08:24]} Rb6+ {[%clk 0:02:49]} 85. Ka3 {[%clk 0:08:49]} Kc2
{[%clk 0:03:10]} 0-1

[Event "WCO2014"]
[Site "Tromso"]
[Date "2014.08.12"]
[Round "10.48"]
[WhiteID "1004786"]
[White "Peng Zhaoqin"]
[BlackID "4404564"]
[Black "Rodriguez Rueda Paula Andrea"]
[Result "1-0"]
[LiveChessVersion "1.4.3"]
[BlackElo "2368"]
[WhiteElo "2391"]

1. c4 {[%clk 1:30:55]} e6 {[%clk 1:30:30]} 2. Nc3 {[%clk 1:31:13]} d5
{[%clk 1:30:36]} 3. d4 {[%clk 1:31:38]} Nf6 {[%clk 1:31:02]} 4. Bg5
{[%clk 1:32:00]} Bb4 {[%clk 1:30:30]} 5. Qa4+ {[%clk 1:30:00]} Nc6
{[%clk 1:30:07]} 6. e3 {[%clk 1:29:49]} h6 {[%clk 1:26:54]} 7. Bh4
{[%clk 1:29:18]} Bd7 {[%clk 1:24:31]} 8. Qc2 {[%clk 1:29:33]} dxc4
{[%clk 1:19:56]} 9. Bxc4 {[%clk 1:29:50]} e5 {[%clk 1:19:35]} 10. a3
{[%clk 1:09:38]} Be7 {[%clk 1:14:08]} 11. Bxf6 {[%clk 0:57:27]} Bxf6
{[%clk 1:14:05]} 12. d5 {[%clk 0:57:54]} Ne7 {[%clk 1:12:22]} 13. Nf3
{[%clk 0:57:50]} O-O {[%clk 1:11:16]} 14. O-O {[%clk 0:54:12]} Nf5
{[%clk 1:09:49]} 15. Bb5 {[%clk 0:52:08]} Nd6 {[%clk 1:02:03]} 16. Bxd7
{[%clk 0:52:24]} Qxd7 {[%clk 1:02:31]} 17. Rfd1 {[%clk 0:52:20]} g6
{[%clk 1:01:58]} 18. Nd2 {[%clk 0:47:16]} Bg7 {[%clk 0:59:19]} 19. Nde4
{[%clk 0:47:36]} b6 {[%clk 0:53:56]} 20. Rac1 {[%clk 0:44:42]} f5
{[%clk 0:53:28]} 21. Nxd6 {[%clk 0:45:04]} cxd6 {[%clk 0:53:53]} 22. Qa4
{[%clk 0:41:06]} Qxa4 {[%clk 0:46:15]} 23. Nxa4 {[%clk 0:41:35]} Rfc8
{[%clk 0:46:08]} 24. Rc6 {[%clk 0:37:01]} Rd8 {[%clk 0:12:38]} 25. e4
{[%clk 0:32:39]} fxe4 {[%clk 0:10:40]} 26. Nc3 {[%clk 0:30:46]} Rac8
{[%clk 0:10:58]} 27. Nb5 {[%clk 0:27:46]} Bf8 {[%clk 0:01:34]} 28. Nxa7
{[%clk 0:27:20]} Rb8 {[%clk 0:01:40]} 29. Rc7 {[%clk 0:25:50]} Re8
{[%clk 0:02:01]} 30. Rdc1 {[%clk 0:22:28]} h5 {[%clk 0:01:57]} 31. R1c4
{[%clk 0:20:48]} e3 {[%clk 0:01:50]} 32. fxe3 {[%clk 0:21:06]} e4
{[%clk 0:01:42]} 33. Nc6 {[%clk 0:19:39]} Ra8 {[%clk 0:02:01]} 34. Rb4
{[%clk 0:19:12]} Ra6 {[%clk 0:01:02]} 35. Kf2 {[%clk 0:18:45]} Bg7
{[%clk 0:01:02]} 36. Ke2 {[%clk 0:18:16]} Rf8 {[%clk 0:00:54]} 37. Rxe4
{[%clk 0:14:01]} Bxb2 {[%clk 0:00:59]} 38. Ne7+ {[%clk 0:14:06]} Kg7
{[%clk 0:00:51]} 39. Nf5+ {[%clk 0:05:48]} Kf6 {[%clk 0:01:13]} 40. Nxd6
{[%clk 0:05:52]} Bxa3 {[%clk 0:01:00]} 41. Re6+ {[%clk 0:00:58]} Kg5
{[%clk 0:30:17]} 42. Nf7+ {[%clk 0:29:53]} Kf5 {[%clk 0:27:10]} 43. Kf3
{[%clk 0:27:38]} 1-0

[Event "WCO2014"]
[Site "Tromso"]
[Date "2014.08.12"]
[Round "10.47"]
[WhiteID "4402618"]
[White "Franco Valencia Beatriz Irene"]
[BlackID "1017292"]
[Black "Haast Anne"]
[Result "0-1"]
[LiveChessVersion "1.4.3"]
[BlackElo "2324"]
[WhiteElo "2210"]

1. d4 {[%clk 1:30:56]} Nf6 {[%clk 1:30:40]} 2. c4 {[%clk 1:31:13]} c5
{[%clk 1:30:55]} 3. d5 {[%clk 1:31:24]} b5 {[%clk 1:31:17]} 4. cxb5
{[%clk 1:31:48]} a6 {[%clk 1:31:40]} 5. bxa6 {[%clk 1:32:10]} g6 {[%clk 1:31:54]}
6. Nc3 {[%clk 1:32:34]} Bxa6 {[%clk 1:32:08]} 7. f4 {[%clk 1:32:34]} Bg7
{[%clk 1:31:24]} 8. Nf3 {[%clk 1:32:57]} Qa5 {[%clk 1:30:02]} 9. Bd2
{[%clk 1:32:56]} O-O {[%clk 1:28:32]} 10. e4 {[%clk 1:31:45]} d6 {[%clk 1:27:09]}
11. Bxa6 {[%clk 1:27:25]} Qxa6 {[%clk 1:26:13]} 12. Qe2 {[%clk 1:23:53]} Nbd7
{[%clk 1:18:41]} 13. e5 {[%clk 1:12:44]} Qxe2+ {[%clk 1:08:42]} 14. Kxe2
{[%clk 1:13:04]} dxe5 {[%clk 1:09:00]} 15. fxe5 {[%clk 1:10:11]} Ng4
{[%clk 1:08:49]} 16. e6 {[%clk 1:10:06]} fxe6 {[%clk 1:06:56]} 17. dxe6
{[%clk 1:09:29]} Nde5 {[%clk 1:05:27]} 18. Ne4 {[%clk 0:49:00]} Rfc8
{[%clk 0:52:03]} 19. h3 {[%clk 0:31:22]} Nxf3 {[%clk 0:48:31]} 20. gxf3
{[%clk 0:31:38]} Ne5 {[%clk 0:47:44]} 21. Bc3 {[%clk 0:31:04]} Ra6
{[%clk 0:47:09]} 22. f4 {[%clk 0:16:08]} Nc4 {[%clk 0:41:19]} 23. Bxg7
{[%clk 0:16:33]} Kxg7 {[%clk 0:41:30]} 24. b3 {[%clk 0:15:58]} Rxe6
{[%clk 0:37:48]} 25. Kf3 {[%clk 0:16:15]} Nd6 {[%clk 0:30:53]} 26. Rhe1
{[%clk 0:15:14]} Nf5 {[%clk 0:28:52]} 27. Rac1 {[%clk 0:14:29]} Ra8
{[%clk 0:26:23]} 28. Nc3 {[%clk 0:14:10]} Rd6 {[%clk 0:22:05]} 29. Rcd1
{[%clk 0:13:05]} Rd4 {[%clk 0:21:29]} 30. Rxd4 {[%clk 0:02:16]} cxd4
{[%clk 0:20:50]} 31. Na4 {[%clk 0:02:42]} Rc8 {[%clk 0:18:39]} 32. Re2
{[%clk 0:02:40]} Rc1 {[%clk 0:17:13]} 33. Rd2 {[%clk 0:02:24]} h6
{[%clk 0:12:13]} 34. b4 {[%clk 0:01:37]} Rc4 {[%clk 0:11:41]} 35. a3
{[%clk 0:01:57]} e6 {[%clk 0:06:51]} 36. Nc5 {[%clk 0:01:31]} Kf7
{[%clk 0:06:48]} 37. Nd3 {[%clk 0:01:24]} Rc3 {[%clk 0:06:13]} 38. a4
{[%clk 0:01:45]} g5 {[%clk 0:04:52]} 39. fxg5 {[%clk 0:01:44]} hxg5
{[%clk 0:05:21]} 40. Ke4 {[%clk 0:01:55]} Kf6 {[%clk 0:02:42]} 41. Ra2
{[%clk 0:24:38]} Rc4 {[%clk 0:27:34]} 42. Rf2 {[%clk 0:19:50]} Rc8
{[%clk 0:23:32]} 43. a5 {[%clk 0:19:36]} Rh8 {[%clk 0:23:14]} 44. Ne5
{[%clk 0:16:08]} Rxh3 {[%clk 0:21:45]} 45. Ng4+ {[%clk 0:16:34]} Ke7
{[%clk 0:21:32]} 46. Ra2 {[%clk 0:10:08]} Rg3 {[%clk 0:18:29]} 47. a6
{[%clk 0:10:00]} Rxg4+ {[%clk 0:17:44]} 48. Kd3 {[%clk 0:10:10]} Rg3+
{[%clk 0:17:44]} 49. Kc4 {[%clk 0:09:30]} Rc3+ {[%clk 0:16:52]} 50. Kb5
{[%clk 0:09:58]} Nd6+ {[%clk 0:16:20]} 51. Ka5 {[%clk 0:10:09]} Nc8
{[%clk 0:12:44]} 52. b5 {[%clk 0:09:54]} Kd6 {[%clk 0:12:20]} 53. Rg2
{[%clk 0:07:15]} Kc5 {[%clk 0:04:09]} 54. Rxg5+ {[%clk 0:07:01]} Kc4
{[%clk 0:04:32]} 55. Ka4 {[%clk 0:07:20]} Nb6+ {[%clk 0:04:34]} 56. Ka5
{[%clk 0:07:44]} Nd5 {[%clk 0:04:17]} 57. Ka4 {[%clk 0:08:05]} Rc2
{[%clk 0:02:50]} 0-1

[Event "WCO2014"]
[Site "Tromso"]
[Date "2014.08.12"]
[Round "10.46"]
[WhiteID "1019481"]
[White "Schut Lisa"]
[BlackID "4402472"]
[Black "Rivera Banquez Ingris"]
[Result "1-0"]
[LiveChessVersion "1.4.3"]
[BlackElo "2210"]
[WhiteElo "2317"]

1. e4 {[%clk 1:30:58]} c5 {[%clk 1:30:50]} 2. Nf3 {[%clk 1:31:24]} d6
{[%clk 1:31:11]} 3. d4 {[%clk 1:31:44]} cxd4 {[%clk 1:31:28]} 4. Nxd4
{[%clk 1:32:10]} Nf6 {[%clk 1:31:46]} 5. f3 {[%clk 1:32:35]} a6 {[%clk 1:31:57]}
6. c4 {[%clk 1:32:54]} e6 {[%clk 1:31:59]} 7. Nc3 {[%clk 1:33:16]} Be7
{[%clk 1:32:02]} 8. Be2 {[%clk 1:33:01]} Qc7 {[%clk 1:31:52]} 9. Be3
{[%clk 1:33:12]} Nbd7 {[%clk 1:31:41]} 10. O-O {[%clk 1:32:06]} O-O
{[%clk 1:29:58]} 11. Qd2 {[%clk 1:31:28]} b6 {[%clk 1:29:52]} 12. Rac1
{[%clk 1:28:43]} Bb7 {[%clk 1:28:57]} 13. Rc2 {[%clk 1:27:43]} Rac8
{[%clk 1:27:49]} 14. Rb1 {[%clk 1:27:27]} Ne5 {[%clk 1:23:30]} 15. Bf1
{[%clk 1:18:05]} Rfe8 {[%clk 1:21:11]} 16. b3 {[%clk 1:10:52]} Qb8
{[%clk 1:20:02]} 17. Kh1 {[%clk 1:10:37]} Bd8 {[%clk 1:17:58]} 18. Bg1
{[%clk 1:10:35]} Bc7 {[%clk 1:16:29]} 19. Na4 {[%clk 1:08:12]} Kh8
{[%clk 0:52:24]} 20. b4 {[%clk 1:06:24]} Bd8 {[%clk 0:42:36]} 21. Rd1
{[%clk 0:58:08]} Ba8 {[%clk 0:35:09]} 22. Nb3 {[%clk 0:50:21]} d5
{[%clk 0:22:45]} 23. exd5 {[%clk 0:29:32]} exd5 {[%clk 0:22:35]} 24. c5
{[%clk 0:29:50]} b5 {[%clk 0:22:13]} 25. Nb6 {[%clk 0:28:16]} Bxb6
{[%clk 0:17:13]} 26. cxb6 {[%clk 0:25:31]} Nc4 {[%clk 0:15:41]} 27. Qg5
{[%clk 0:17:02]} h6 {[%clk 0:01:15]} 28. Qh4 {[%clk 0:15:44]} Nxb6 29. Rxc8
{[%clk 0:15:48]} Rxc8 {[%clk 0:00:52]} 30. Bd4 {[%clk 0:15:08]} Nbd7
{[%clk 0:01:04]} 31. Nc5 {[%clk 0:14:53]} Qd6 {[%clk 0:01:09]} 32. Re1
{[%clk 0:14:34]} Kg8 {[%clk 0:01:09]} 33. Bd3 {[%clk 0:14:18]} Bc6
{[%clk 0:00:35]} 34. Nxa6 {[%clk 0:12:29]} Ra8 {[%clk 0:00:46]} 35. a4
{[%clk 0:08:46]} Rxa6 {[%clk 0:01:00]} 36. axb5 {[%clk 0:09:12]} Ra3
{[%clk 0:00:47]} 37. bxc6 {[%clk 0:08:38]} Qxc6 {[%clk 0:01:00]} 38. Bf5
{[%clk 0:07:47]} Ra4 {[%clk 0:00:43]} 39. Qg3 {[%clk 0:06:56]} g6
{[%clk 0:00:36]} 40. Bxg6 {[%clk 0:04:04]} Rxb4 {[%clk 0:00:56]} 41. Bf5+
{[%clk 0:03:07]} 1-0